000
00209 a2200097 4500
001
30270
100
_a
Dickens, Ch
245
_a
Bleak House
260
_a
England
_b
Oxford University
_c
090
_c
20213
_d
20213
942
_a
NUST-CAE
_c
M
_c
11352
999
_c
265343
_d
265343